[Event "Rejfiouv memorial 2008"]
[Site "Praha 5,Radlice, Pechlatova 2"]
[Date "2008.05.06"]
[Round "4.5"]
[White "Pertlova, Sona"]
[Black "Docekal, Jan"]
[Result "1-0"]
[WhiteElo "2159"]
[BlackElo "2236"]
[PlyCount "103"]
[EventDate "2008.04.15"]

1. d4 Nf6 2. c4 e5 3. dxe5 Ne4 4. Nf3 Nc6 5. Nbd2 Bb4 6. g3 Qe7 7. Bg2 O-O 8.
O-O Bxd2 9. Bxd2 Nxd2 10. Qxd2 a5 11. Rac1 Nxe5 12. Nxe5 Qxe5 13. c5 Re8 14.
Rfd1 Ra6 15. Qc3 Rae6 16. Qxe5 Rxe5 17. e3 R8e6 18. Rd4 Kf8 19. Ra4 Ra6 20. Bf1
Ra8 21. b4 c6 22. bxa5 b6 23. cxb6 Rexa5 24. Rxa5 Rxa5 25. Rc2 Bb7 26. e4 Ra4
27. Rd2 Ke7 28. Bh3 d6 29. e5 d5 30. Rb2 Ra5 31. f4 c5 32. Kf2 d4 33. Bg2 Bxg2
34. Kxg2 Ra8 35. Kf3 c4 36. b7 Rb8 37. Ke4 c3 38. Rc2 Rxb7 39. Kxd4 Ke6 40. a3
g5 41. Rxc3 Rb2 42. h3 gxf4 43. gxf4 Kf5 44. Rc7 Ke6 45. f5+ Kxf5 46. Rxf7+ Ke6
47. Rxh7 Ra2 48. Rh6+ Kd7 49. Ra6 Rh2 50. Kd5 Rd2+ 51. Kc5 Rd3 52. Rd6+ 1-0

[Event "Rejfiouv memorial 2008"]
[Site "Praha 5,Radlice, Pechlatova 2"]
[Date "2008.05.06"]
[Round "4.6"]
[White "Kojetsky, Pavel"]
[Black "Rosko, Lubos"]
[Result "0-1"]
[WhiteElo "2146"]
[BlackElo "2226"]
[PlyCount "120"]
[EventDate "2008.04.15"]

1. e4 c5 2. Nf3 d6 3. d4 cxd4 4. Nxd4 Nf6 5. Nc3 a6 6. g3 Bg4 7. f3 Bd7 8. Be3
e6 9. Qd2 Be7 10. Bg2 Nc6 11. Nxc6 bxc6 12. O-O $11 O-O 13. Ne2 Rb8 14. c4 c5
15. Bf4 Qc7 16. Rad1 Rb6 17. Qc1 a5 18. Bd2 Ra8 19. Bc3 e5 20. Qd2 $11 Qb7 21.
Nc1 a4 22. Rf2 Bc6 23. Qd3 Re8 24. Kh1 Ra6 25. Ne2 Nd7 26. Ng1 Nf8 27. f4 exf4
28. gxf4 Ng6 29. Rdf1 Nh4 30. Re2 Nxg2 31. Qg3 Bf8 32. Rxg2 Bxe4 33. Nf3 g6 34.
Kg1 d5 35. cxd5 Qxd5 36. Rd2 Qf5 37. Nh4 Qh5 38. Qg5 Qxg5+ 39. fxg5 Ra7 40. Nf3
Bxf3 41. Rxf3 Bg7 42. Bxg7 Kxg7 43. Rd5 Re2 44. Rf2 Rxf2 45. Kxf2 Rb7 46. Rd2
Rb4 47. Kg3 h5 48. h4 Rg4+ 49. Kh3 Kf8 50. Rc2 c4 51. Rc3 Rd4 52. Kg3 Rg4+ 53.
Kh3 Rd4 54. Kg3 f6 55. gxf6 Rg4+ 56. Kh3 Rd4 57. Kg3 Kf7 58. Ra3 Rd3+ 59. Rxd3
cxd3 60. Kf3 g5 0-1

[Event "Rejfiouv memorial 2008"]
[Site "Praha 5,Radlice, Pechlatova 2"]
[Date "2008.05.13"]
[Round "5.1"]
[White "Rosko, Lubos"]
[Black "Gregor, Jiri"]
[Result "0-1"]
[WhiteElo "2226"]
[BlackElo "2271"]
[PlyCount "104"]
[EventDate "2008.04.15"]

1. d4 Nf6 2. c4 c5 3. d5 b5 4. cxb5 a6 5. e3 g6 6. Nc3 Bg7 7. Nf3 O-O 8. Be2 d6
9. O-O Nbd7 10. a4 axb5 11. Bxb5 Ba6 12. Rb1 Bxb5 13. axb5 Nb6 14. e4 Ne8 15.
Bf4 Nc7 16. Qd2 Qd7 17. Bh6 Nxb5 18. Bxg7 Kxg7 19. Nxb5 Qxb5 20. b4 Nd7 21.
bxc5 Qxc5 22. Rfc1 Qa7 23. Nd4 Nc5 24. Nc6 Qd7 25. e5 Rfc8 26. Qd4 f6 27. e6
Qe8 28. Qe3 Rxc6 29. dxc6 Qxc6 30. h4 Ra4 31. h5 g5 32. Rb8 Re4 33. Qf3 Qd5 34.
h6+ Kxh6 35. Qh3+ Rh4 36. Qe3 Re4 37. Qh3+ Kg7 38. Qh5 Qxe6 39. Qe8 Qf7 40.
Qh8+ Kh6 41. Rc3 g4 42. Rg8 Ne6 43. f3 gxf3 44. Rxf3 Ng5 45. Rf5 Rg4 46. Kf1
Qc4+ 47. Kg1 Qxg8 48. Qxg8 Nh3+ 49. Kh2 Rxg8 50. Kxh3 Rg5 51. Rf1 Kg6 52. Re1
Re5 0-1

[Event "Rejfiouv memorial 2008"]
[Site "Praha 5,Radlice, Pechlatova 2"]
[Date "2008.05.13"]
[Round "5.2"]
[White "Docekal, Jan"]
[Black "Kojetsky, Pavel"]
[Result "1-0"]
[WhiteElo "2236"]
[BlackElo "2146"]
[PlyCount "58"]
[EventDate "2008.04.15"]

1. e4 a6 2. d4 d6 3. Bg5 c5 4. dxc5 Qa5+ 5. Nc3 Qxc5 6. Be3 Qb4 7. a3 Qa5 8.
Qd2 Nf6 9. Bc4 e6 10. f3 b5 11. Bb3 Nc6 12. Nge2 Bb7 13. O-O Be7 14. Nf4 O-O
15. Rfd1 b4 16. axb4 Qc7 17. Na4 d5 18. exd5 exd5 19. Nb6 Bxb4 20. c3 Bd6 21.
Nxa8 Rxa8 22. Bxd5 Be5 23. Bxc6 Bxc6 24. Kh1 h5 25. Nd3 Rd8 26. Bf4 Bxf4 27.
Qxf4 Qb6 28. Nb4 Rxd1+ 29. Rxd1 Bd7 1-0

[Event "Rejfiouv memorial 2008"]
[Site "Praha 5,Radlice, Pechlatova 2"]
[Date "2008.05.13"]
[Round "5.3"]
[White "Smid, Miroslav"]
[Black "Pertlova, Sona"]
[Result "0-1"]
[WhiteElo "2230"]
[BlackElo "2159"]
[PlyCount "62"]
[EventDate "2008.04.15"]

1. d4 c5 2. dxc5 e6 3. Nf3 Bxc5 4. e3 Nf6 5. Be2 O-O 6. O-O d5 7. c4 Nc6 8. Nc3
dxc4 9. Bxc4 a6 10. Qe2 e5 11. Rd1 Qe7 12. h3 e4 13. Nd4 Ne5 14. Nd5 Nxd5 15.
Bxd5 Qh4 16. Qc2 Bxh3 17. Qxe4 Qh5 18. Bd2 Rad8 19. Nb3 Bg4 20. Rdc1 Rxd5 21.
Qxd5 Nf3+ 22. Qxf3 Bxf3 23. gxf3 Bd6 24. f4 Re8 25. Nd4 Bc5 26. Nb3 Bb6 27. Rc4
h6 28. Rac1 Re6 29. Kf1 Rg6 30. Nd4 Bxd4 31. Rxd4 Qf3 0-1

[Event "Rejfiouv memorial 2008"]
[Site "Praha 5,Radlice, Pechlatova 2"]
[Date "2008.05.13"]
[Round "5.4"]
[White "Clery, Nicolas"]
[Black "Hausner, Ivan"]
[Result "1-0"]
[WhiteElo "2379"]
[BlackElo "2394"]
[PlyCount "163"]
[EventDate "2008.04.15"]

1. d4 d6 2. Nf3 Bg4 3. e4 Nf6 4. h3 Bh5 5. Bd3 e6 6. c4 Nc6 7. g4 Bg6 8. d5 Ne5
9. Nc3 Nxf3+ 10. Qxf3 Nd7 11. h4 h5 12. g5 e5 13. Be3 Be7 14. O-O-O c6 15. Qg3
O-O 16. Bc2 Qa5 17. f4 exf4 18. Bxf4 Rfe8 19. Rhf1 Rac8 20. Rd2 Qb4 21. b3 Ne5
22. Rfd1 Bf8 23. Re2 b5 24. dxc6 bxc4 25. Nd5 Qa5 26. c7 Qxa2 27. b4 Qa6 28.
Qc3 Nd3+ 29. Rxd3 cxd3 30. Bxd3 Qb7 31. Qc4 a6 32. Qxa6 Rxc7+ 33. Kb2 Qxa6 34.
Bxa6 Ra7 35. Bd3 Rea8 36. Bc4 Ra1 37. b5 Rh1 38. Bh2 Rb8 39. b6 Rd1 40. Kc3
Rc1+ 41. Kb4 Rb1+ 42. Bb3 Re8 43. Nc3 Rc1 44. Bd5 Rc8 45. Re3 Rc2 46. Bg3 Be7
47. Kb3 Rd2 48. b7 Rb8 49. Bc6 Rd4 50. Nd5 Bf8 51. Nb6 Rxb7 52. Bxb7 d5 53.
Nxd5 Bxe4 54. Rxe4 Rxe4 55. Nf6+ gxf6 56. Bxe4 fxg5 57. hxg5 Be7 58. Bh4 Kg7
59. Bf5 Bd6 60. Kc4 Bf4 61. Kd5 Bd2 62. Bd3 Bc3 63. Bg3 Bd2 64. Be5+ Kg8 65.
Bf6 h4 66. Bf5 Bf4 67. Ke4 Bg3 68. Kf3 Be1 69. Kg4 Bf2 70. Be4 Be1 71. Bd5 Kf8
72. Bd4 Bg3 73. Bc3 Bf2 74. Kf4 Bg3+ 75. Kf3 Bd6 76. Kg4 Bg3 77. Be4 Bf2 78.
Bf5 Bg3 79. Bd4 Be1 80. Kf3 Bd2 81. Be3 Be1 82. Bf2 1-0

[Event "Rejfiouv memorial 2008"]
[Site "Praha 5,Radlice, Pechlatova 2"]
[Date "2008.05.13"]
[Round "5.5"]
[White "Haba, Zdenek"]
[Black "Seleljo, Daniel"]
[Result "1/2-1/2"]
[WhiteElo "2185"]
[BlackElo "2275"]
[PlyCount "116"]
[EventDate "2008.04.15"]

1. d4 d5 2. c4 Bf5 3. Nc3 e6 4. Nf3 c6 5. Qb3 Qb6 6. c5 Qc7 7. Bf4 Qc8 8. e3
Be7 9. h3 Nd7 10. Be2 Ngf6 11. O-O Ne4 12. Nxe4 Bxe4 13. Qc3 O-O 14. b4 Bxf3
15. Bxf3 Re8 16. Rab1 a6 17. a4 Bf6 18. Bg4 g6 19. b5 axb5 20. axb5 h5 21. Bf3
e5 22. Bg3 exd4 23. exd4 Nf8 24. bxc6 bxc6 25. Rb6 Ne6 26. Be5 Bxe5 27. dxe5
Ra4 28. Qe3 Qa8 29. Re1 Ra1 30. Rxa1 Qxa1+ 31. Kh2 Nd4 32. Bxh5 Nf5 33. Qf4
Qxe5 34. Qxe5 Rxe5 35. Bg4 Ne7 36. Bd7 d4 37. Bxc6 Rxc5 38. Be4 f5 39. Bf3 Rc2
40. Rd6 Rd2 41. h4 Kg7 42. Kg3 Ng8 43. Rd7+ Kf6 44. Rd6+ Kg7 45. Rd7+ Kf8 46.
Rd8+ Kg7 47. Rd7+ Kf6 48. Rd6+ Ke5 49. Rxg6 Nf6 50. h5 f4+ 51. Kh2 Rxf2 52.
Rg5+ Ke6 53. Kg1 Rb2 54. h6 Rb8 55. Bg4+ Nxg4 56. Rxg4 Kf5 57. Rg7 d3 58. Rd7
Rh8 $11 1/2-1/2

[Event "Rejfiouv memorial 2008"]
[Site "Praha 5,Radlice, Pechlatova 2"]
[Date "2008.05.13"]
[Round "5.6"]
[White "Jedlicka, Ales"]
[Black "Kubecka, David"]
[Result "1-0"]
[WhiteElo "2324"]
[BlackElo "2314"]
[PlyCount "65"]
[EventDate "2008.04.15"]

1. d4 Nf6 2. c4 g6 3. Nc3 d5 4. Nf3 Bg7 5. cxd5 Nxd5 6. g3 O-O 7. Bg2 c5 8. O-O
cxd4 9. Nxd4 Nxc3 10. bxc3 e5 11. Nb5 Qa5 12. c4 a6 13. Bd2 Qd8 14. Nc3 Nc6 15.
Nd5 Be6 16. Rb1 Rb8 17. Bc3 b5 18. cxb5 axb5 19. Qd3 Nd4 20. Bxd4 Bxd5 21. Bb6
Bc4 22. Qxd8 Rfxd8 23. Bxd8 Rxd8 24. Rfd1 Rxd1+ 25. Rxd1 Bxa2 26. Rd8+ Bf8 27.
Bd5 Bxd5 28. Rxd5 b4 29. Rxe5 Kg7 30. e4 h5 31. Kg2 Kf6 32. f4 Kg7 33. Kf3 1-0

[Event "Rejfiouv memorial 2008"]
[Site "Praha 5,Radlice, Pechlatova 2"]
[Date "2008.05.20"]
[Round "6.1"]
[White "Gregor, Jiri"]
[Black "Kubecka, David"]
[Result "1-0"]
[WhiteElo "2271"]
[BlackElo "2314"]
[PlyCount "97"]
[EventDate "2008.04.15"]

1. d4 Nf6 2. c4 g6 3. Nc3 Bg7 4. e4 d6 5. f3 O-O 6. Be3 c5 7. Nge2 cxd4 8. Nxd4
Nc6 9. Qd2 a6 10. Be2 Bd7 11. O-O Rc8 12. Rac1 Re8 13. Rfd1 Qa5 14. Nb3 Qh5 15.
c5 Be6 16. Nd5 Bxd5 17. exd5 Nb8 18. g4 Qh3 19. Nd4 Nxd5 20. Bf1 Qh4 21. Nf5
gxf5 22. Bf2 Qh6 23. Qxd5 fxg4 24. fxg4 Be5 25. h3 Nd7 26. Rc4 e6 27. Qxb7 Nxc5
28. Qg2 a5 29. g5 Qh5 30. Rd2 Red8 31. b3 Qg6 32. h4 Rb8 33. Be2 a4 34. b4 Qb1+
35. Rd1 Qxa2 36. Qg4 a3 37. bxc5 dxc5 38. Rxc5 Qb2 39. Rxd8+ Rxd8 40. Bc4 Rd2
41. Rc8+ Kg7 42. Qh5 Qb1+ 43. Bf1 Qg6 44. Qg4 Qf5 45. Qxf5 exf5 46. h5 a2 47.
Bc5 f6 48. Bf8+ Kf7 49. Bc4+ 1-0

[Event "Rejfiruv memorial 2008"]
[Site "Praha 5,Radlice, Pechlatova 2"]
[Date "2008.05.20"]
[Round "6.2"]
[White "Seleljo, Daniel"]
[Black "Jedlicka, Ales"]
[Result "1/2-1/2"]
[WhiteElo "2275"]
[BlackElo "2324"]
[PlyCount "148"]
[EventDate "2008.04.15"]

1. d4 d5 2. Nf3 Nf6 3. c4 c6 4. Nc3 e6 5. e3 Nbd7 6. Qc2 Bd6 7. g4 dxc4 8. Bxc4
e5 9. g5 Nd5 10. Bxd5 cxd5 11. Nxd5 Qa5+ 12. Nc3 O-O 13. Bd2 exd4 14. Nxd4 Nb6
15. Ncb5 Bb4 16. a3 Bxd2+ 17. Qxd2 Qxd2+ 18. Kxd2 Bd7 19. Rac1 Rfd8 20. Nc3
Nc4+ 21. Kc2 Rac8 22. Kb1 a6 23. b3 Ne5 24. Nd5 Kf8 25. Nb6 Bc6 26. Nxc8 Be4+
27. Ka2 Bxh1 28. Nb6 Bg2 29. a4 Nf3 30. Nxf3 Bxf3 31. Rc8 Rxc8 32. Nxc8 Ke8 33.
Nd6+ Kd7 34. Nf5 g6 35. Nd4 Bd1 36. Kb2 Bg4 37. f3 Bh3 38. a5 Kd6 39. Kc3 Kd5
40. b4 Bg2 41. h4 Bh1 42. Kd3 Bg2 43. e4+ Kd6 44. Ke3 Bf1 45. f4 Bc4 46. Nf3
Kc6 47. Kd4 Kb5 48. Kc3 Ba2 49. Nd4+ Ka4 50. f5 Bb1 51. fxg6 hxg6 52. e5 Ba2
53. Ne2 Kb5 54. Nf4 b6 55. axb6 Kxb6 56. e6 Kc7 57. Kd4 Kd6 58. exf7 Bxf7 59.
Nd3 Be8 60. Nc5 Bb5 61. Ke4 Bf1 62. Kf4 Kd5 63. h5 gxh5 64. g6 Kd6 65. g7 Bc4
66. Nxa6 Ke7 67. Kg5 h4 68. Nc5 h3 69. Ne4 h2 70. Ng3 Kf7 71. Kh6 Kg8 72. Kg6
Bd5 73. b5 h1=Q 74. Nxh1 Bxh1 $11 1/2-1/2

[Event "Rejfiruv memorial 2008"]
[Site "Praha 5,Radlice, Pechlatova 2"]
[Date "2008.05.20"]
[Round "6.3"]
[White "Hausner, Ivan"]
[Black "Haba, Zdenek"]
[Result "1-0"]
[WhiteElo "2394"]
[BlackElo "2185"]
[PlyCount "109"]
[EventDate "2008.04.15"]

1. Nf3 f5 2. e4 fxe4 3. Ng5 Nf6 4. d3 d5 5. dxe4 h6 6. Nf3 dxe4 7. Qxd8+ Kxd8
8. Ne5 Be6 9. Nc3 Nbd7 10. Bf4 g5 11. Bg3 c6 12. O-O-O Bg7 13. Bc4 Bxc4 14.
Nxc4 Ke8 15. Rhe1 Rd8 16. Na5 Nc5 17. Rxd8+ Kxd8 18. Be5 Kc8 19. Bd4 Ncd7 20.
Nxe4 Kc7 21. Ng3 e5 22. Bc3 Nd5 23. Bd2 Rf8 24. Ne4 Nf4 25. g3 Ne6 26. Nc4 Nd4
27. Bb4 c5 28. Bd2 Nf3 29. Rh1 b5 30. Ne3 Kc6 31. Be1 Nf6 32. Nd2 e4 33. Nf5
Nxd2 34. Bxd2 Ne8 35. Nxg7 Nxg7 36. Rf1 Ne6 37. c3 Ng7 38. Kd1 Nf5 39. Ke2 Nd6
40. Rh1 Nc4 41. Bc1 Ne5 42. h4 Nd3 43. Be3 g4 44. h5 Rf6 45. Rh4 Rf5 46. Rxg4
Rxh5 47. Rxe4 Nxb2 48. Re6+ Kd5 49. Rxh6 Re5 50. g4 Na4 51. Kd2 Kc4 52. Rh5 Re6
53. Kc2 Rg6 54. g5 Nxc3 55. Rh4+ 1-0

[Event "Rejfiouv memorial 2008"]
[Site "Praha 5,Radlice, Pechlatova 2"]
[Date "2008.05.20"]
[Round "6.4"]
[White "Pertlova, Sona"]
[Black "Clery, Nicolas"]
[Result "1/2-1/2"]
[WhiteElo "2159"]
[BlackElo "2379"]
[PlyCount "119"]
[EventDate "2008.04.15"]

1. d4 Nf6 2. c4 e6 3. Nf3 d5 4. g3 dxc4 5. Bg2 Nc6 6. Qa4 Bb4+ 7. Bd2 Nd5 8.
Bxb4 Ndxb4 9. O-O Rb8 10. Nc3 Bd7 11. a3 b5 12. Nxb5 Nd5 13. e4 Nce7 14. exd5
exd5 15. Rfe1 O-O 16. Ne5 Bxb5 17. Qxa7 Rb6 18. a4 Be8 19. Qa5 f6 20. Ng4 Bf7
21. Qc5 Nf5 22. a5 Rxb2 23. a6 Qd6 24. a7 Qxc5 25. dxc5 Ra8 26. Re8+ Rxe8 27.
a8=Q Rb1+ 28. Bf1 Rxa8 29. Rxa8+ Be8 30. Rxe8+ Kf7 31. Re2 d4 32. Kg2 h5 33.
Ra2 Rxf1 34. Kxf1 hxg4 35. Ra4 c3 36. Ke2 Ke6 37. Kd3 Kd5 38. Ra7 c6 39. Ra4 g6
40. Rc4 Ke5 41. Ra4 Kd5 42. Rc4 c2 43. Rxc2 Ng7 44. Re2 Ne6 45. Kd2 Nxc5 46.
Re8 Ne6 47. Rg8 g5 48. Ra8 c5 49. Ra5 Nd8 50. Ra8 Nc6 51. Rf8 Ke6 52. Re8+ Kd5
53. Rf8 c4 54. Rxf6 Ne5 55. Rf8 Nf3+ 56. Kc2 Ne5 57. Rd8+ Ke4 58. Re8 Kd5 59.
Rd8+ $11 Ke4 60. Re8 $11 1/2-1/2

[Event "Rejfiouv memorial 2008"]
[Site "Praha 5,Radlice, Pechlatova 2"]
[Date "2008.05.20"]
[Round "6.5"]
[White "Kojetsky, Pavel"]
[Black "Smid, Miroslav"]
[Result "0-1"]
[WhiteElo "2146"]
[BlackElo "2230"]
[PlyCount "110"]
[EventDate "2008.04.15"]

1. d4 d5 2. c4 e6 3. Nc3 Nf6 4. Nf3 Be7 5. Bg5 O-O 6. e3 Ne4 7. Bxe7 Qxe7 8.
Qc2 c6 9. Bd3 f5 10. Ne5 Nd7 11. Nxd7 Bxd7 12. f3 Nxc3 13. Qxc3 f4 14. exf4
Rxf4 15. g3 Rf7 16. O-O Raf8 17. Rae1 Qg5 18. Re5 Qh6 19. f4 a6 20. c5 Rf6 21.
Qb3 Bc8 22. Qd1 g6 23. Rfe1 Qg7 24. a4 Qc7 25. b4 Bd7 26. Bf1 Kf7 27. Bh3 Re8
28. a5 Bc8 29. f5 Bd7 30. Qe2 gxf5 31. Qh5+ Kg7 32. Bxf5 Rxf5 33. Rxf5 exf5 34.
Rxe8 Bxe8 35. Qxe8 f4 36. g4 Kf6 37. h4 f3 38. Qf8+ Kg6 39. Qxf3 Qe7 40. h5+
Kg5 41. Qf5+ Kh4 42. Kf2 Qc7 43. Qf3 Qh2+ 44. Kf1 Qd2 45. Qf6+ Kg3 46. Qe5+ Kf3
47. Qf5+ Qf4 48. Qd3+ Kxg4+ 49. Ke2 Qh2+ 50. Kd1 Qxh5 51. Qf1 Kg3+ 52. Kc1 Qh6+
53. Kc2 Qe3 54. Kb1 Qe4+ 55. Kc1 Qf4+ 0-1

[Event "Rejfiouv memorial 2008"]
[Site "Praha 5,Radlice, Pechlatova 2"]
[Date "2008.05.20"]
[Round "6.6"]
[White "Rosko, Lubos"]
[Black "Docekal, Jan"]
[Result "1-0"]
[WhiteElo "2226"]
[BlackElo "2236"]
[PlyCount "57"]
[EventDate "2008.04.15"]

1. d4 Nf6 2. Bg5 e6 3. e4 h6 4. Bxf6 gxf6 5. Nc3 Rg8 6. Qd2 b6 7. Nge2 Bb7 8.
O-O-O Qe7 9. d5 Na6 10. Nb5 f5 11. dxe6 fxe6 12. exf5 exf5 13. Nf4 O-O-O 14.
Bc4 Nc5 15. Bxg8 Ne4 16. Qe3 Qe5 17. Bc4 Bc5 18. Nd4 d5 19. Bb3 Bxd4 20. Rxd4
c5 21. Rxd5 Bxd5 22. Bxd5 Rxd5 23. Nxd5 Qxd5 24. Kb1 Nd2+ 25. Ka1 Nc4 26. Qd3
Qe6 27. Rd1 Ne5 28. Qd8+ Kb7 29. Qd5+ 1-0

[Event "Rejfiouv memorial 2008"]
[Site "Praha 5,Radlice, Pechlatova 2"]
[Date "2008.05.22"]
[Round "7.1"]
[White "Docekal, Jan"]
[Black "Gregor, Jiri"]
[Result "0-1"]
[WhiteElo "2236"]
[BlackElo "2271"]
[PlyCount "122"]
[EventDate "2008.04.15"]

1. Nf3 d5 2. d4 Nf6 3. g3 c6 4. Bg2 h6 5. O-O Bf5 6. Re1 e6 7. Ne5 Nbd7 8. Nxd7
Qxd7 9. Nd2 c5 10. e3 Rc8 11. c3 Be7 12. a4 O-O 13. Nf3 Ne4 14. Nd2 Rfd8 15. f3
Nf6 16. Kh1 Qc7 17. Qe2 Bf8 18. dxc5 Qxc5 19. e4 dxe4 20. Nxe4 Bxe4 21. fxe4 b6
22. Be3 Qc7 23. Rf1 Nd7 24. Qh5 Ne5 25. Bf4 Bd6 26. Rad1 Ng6 27. Bc1 Be5 28.
Qe2 Nf8 29. Be3 Nd7 30. Bf3 Nf6 31. Rxd8+ Rxd8 32. Rd1 Rxd1+ 33. Qxd1 Qc4 34.
Bd4 Bxd4 35. cxd4 Qb4 36. b3 Qc3 37. Kg2 Kf8 38. e5 Nd7 39. Be4 Ke7 40. Qd3
Qb2+ 41. Kh3 f5 42. exf6+ Nxf6 43. Bf3 g5 44. Qe3 Qc2 45. g4 Qc7 46. d5 e5 47.
Qd3 Kd6 48. b4 h5 49. Qf5 hxg4+ 50. Kg3 Qe7 51. Bxg4 Nxd5 52. b5 e4 53. Qg6+
Kc5 54. Qc6+ Kd4 55. Be6 Qc7+ 56. Qxc7 Nxc7 57. Bf7 Nd5 58. Bh5 Nf4 59. Bd1 Nd3
60. Bb3 e3 61. Kf3 g4+ 0-1

[Event "Rejfiouv memorial 2008"]
[Site "Praha 5,Radlice, Pechlatova 2"]
[Date "2008.05.22"]
[Round "7.2"]
[White "Smid, Miroslav"]
[Black "Rosko, Lubos"]
[Result "0-1"]
[WhiteElo "2230"]
[BlackElo "2226"]
[PlyCount "32"]
[EventDate "2008.04.15"]

1. e4 c5 2. Nc3 a6 3. f4 e6 4. Nf3 d5 5. exd5 exd5 6. d4 Nf6 7. Be3 c4 8. Ne5
Bb4 9. g3 Bf5 10. Bg2 Be4 11. Bxe4 Bxc3+ 12. bxc3 Nxe4 13. Qh5 O-O 14. O-O f6
15. Nf3 Nxc3 16. g4 Qe8 0-1

[Event "Rejfiouv memorial 2008"]
[Site "Praha 5,Radlice, Pechlatova 2"]
[Date "2008.05.22"]
[Round "7.3"]
[White "Clery, Nicolas"]
[Black "Kojetsky, Pavel"]
[Result "1-0"]
[WhiteElo "2379"]
[BlackElo "2146"]
[PlyCount "65"]
[EventDate "2008.04.15"]

1. d4 d5 2. c4 Bf5 3. cxd5 Bxb1 4. Qa4+ c6 5. Rxb1 Qxd5 6. Nf3 Nd7 7. a3 Ngf6
8. e3 Qf5 9. Ra1 e5 10. Be2 Bd6 $11 11. dxe5 Nxe5 12. O-O O-O 13. Bd2 Ne4 14.
Nh4 b5 15. Qc2 Qg5 16. Qxe4 f5 17. Nf3 Qh6 18. Qxe5 Bxe5 19. Nxe5 a5 20. f4 Qd6
21. Rfd1 b4 22. Bxb4 Qxd1+ 23. Rxd1 axb4 24. Bc4+ Kh8 25. axb4 Rf6 26. Rd7 h6
27. h4 Rb8 28. h5 Rc8 29. Kf2 c5 30. bxc5 g5 31. Ng6+ Rxg6 32. hxg6 Rxc5 33.
Rh7# 1-0

[Event "Rejfiouv memorial 2008"]
[Site "Praha 5,Radlice, Pechlatova 2"]
[Date "2008.05.22"]
[Round "7.4"]
[White "Haba, Zdenek"]
[Black "Pertlova, Sona"]
[Result "0-1"]
[WhiteElo "2185"]
[BlackElo "2159"]
[PlyCount "62"]
[EventDate "2008.04.15"]

1. d4 Nf6 2. c4 e6 3. g3 d5 4. Bg2 dxc4 5. Nf3 Nc6 6. O-O Rb8 7. Nc3 a6 8. e4
Be7 9. Bf4 O-O 10. Qe2 b5 11. Rad1 Nb4 12. Ne1 Bb7 13. a3 Nc6 14. d5 exd5 15.
e5 d4 16. exf6 Bxf6 17. Nd5 d3 18. Nxf6+ Qxf6 19. Qd2 Nd4 20. Kh1 Bxg2+ 21.
Nxg2 Qc6 22. Be3 Nf3 23. Qc3 Rfe8 24. Rxd3 Qe6 25. Rd4 Qh3 26. Rh4 Nxh4 27.
gxh4 Rbd8 28. Qc2 Qf3 29. Bf4 Re2 30. Qf5 Rxf2 31. Rg1 Rxg2 0-1

[Event "Rejfiouv memorial 2008"]
[Site "Praha 5,Radlice, Pechlatova 2"]
[Date "2008.05.22"]
[Round "7.5"]
[White "Jedlicka, Ales"]
[Black "Hausner, Ivan"]
[Result "0-1"]
[WhiteElo "2324"]
[BlackElo "2394"]
[PlyCount "110"]
[EventDate "2008.04.15"]

1. d4 e6 2. c4 b6 3. a3 f5 4. Nf3 Nf6 5. g3 Bb7 6. Bg2 Be7 7. O-O O-O 8. Nc3
Ne4 9. Bd2 Bf6 10. Rc1 c5 11. d5 exd5 12. cxd5 d6 13. Ne1 Qe7 14. Nxe4 fxe4 15.
Bc3 Bg5 16. Rc2 Nd7 17. f4 exf3 18. exf3 Ba6 19. f4 Bxf1 20. Bxf1 Bf6 21. Bh3
Bxc3 22. Be6+ Kh8 23. Rxc3 b5 24. Nf3 a5 25. Re3 Nf6 26. Nh4 c4 27. Kg2 g6 28.
f5 g5 29. Nf3 Qg7 30. Nd4 b4 31. Nc6 Rfb8 32. Nxb8 Rxb8 33. axb4 axb4 34. Qd4
Ne8 35. Qxc4 Qxb2+ 36. Re2 Qc3 37. Qxc3+ bxc3 38. Kf3 Rb2 39. Re4 Rxh2 40. Rc4
c2 41. Bd7 Nf6 42. Ba4 Kg7 43. Bxc2 g4+ 44. Ke3 Nxd5+ 45. Kd4 Rd2+ 46. Bd3 Kf6
47. Ra4 h5 48. Kxd5 Rxd3+ 49. Ke4 Rxg3 50. Ra6 Kg5 51. Rxd6 Rf3 52. Rg6+ Kh4
53. f6 Rf1 54. Ke5 g3 55. Ke6 Kh3 0-1

[Event "Rejfiouv memorial 2008"]
[Site "Praha 5,Radlice, Pechlatova 2"]
[Date "2008.05.22"]
[Round "7.6"]
[White "Kubecka, David"]
[Black "Seleljo, Daniel"]
[Result "1/2-1/2"]
[WhiteElo "2314"]
[BlackElo "2275"]
[PlyCount "47"]
[EventDate "2008.04.15"]

1. e4 d5 2. exd5 Nf6 3. d4 Nxd5 4. Nf3 g6 5. Be2 Bg7 6. O-O O-O 7. h3 Nb6 8. c3
c5 9. dxc5 Qxd1 10. Rxd1 Na4 11. Na3 Nxc5 12. Nb5 Nc6 13. Be3 Na4 14. Rd2 a6
15. Nbd4 Nxd4 16. Nxd4 e5 17. Nb3 Re8 18. Nc5 Nxc5 19. Bxc5 Bh6 20. Rd5 e4 21.
Bb6 Be6 $11 22. Re5 Bd7 23. Rxe8+ Rxe8 24. Rd1 $11 1/2-1/2

[Event "Rejfiouv memorial 2008"]
[Site "Praha 5,Radlice, Pechlatova 2"]
[Date "2008.05.27"]
[Round "8.1"]
[White "Gregor, Jiri"]
[Black "Seleljo, Daniel"]
[Result "0-1"]
[WhiteElo "2271"]
[BlackElo "2275"]
[PlyCount "60"]
[EventDate "2008.04.15"]

1. d4 d6 2. c4 e5 3. Nf3 e4 4. Ng5 f5 5. g3 Nf6 6. h4 g6 7. Nc3 Nc6 8. Bg2 Bg7
9. a3 a5 10. Bf4 h6 11. Nh3 a4 12. d5 Ne5 13. Bxe5 dxe5 14. Nxa4 e3 15. Nc3 Nh5
16. Qd3 exf2+ 17. Nxf2 O-O 18. O-O-O e4 19. Qe3 b5 20. Nh3 bxc4 21. Nf4 Nxf4
22. gxf4 h5 23. Qd2 Rf6 24. e3 Rb6 25. Bf1 Qd6 26. Bxc4 Rxa3 27. b3 Raxb3 28.
Bxb3 Rxb3 29. Nb1 Qb6 30. Qc2 Bb2+ 0-1

[Event "Rejfiouv memorial 2008"]
[Site "Praha 5,Radlice, Pechlatova 2"]
[Date "2008.05.27"]
[Round "8.2"]
[White "Hausner, Ivan"]
[Black "Kubecka, David"]
[Result "0-1"]
[WhiteElo "2394"]
[BlackElo "2314"]
[PlyCount "82"]
[EventDate "2008.04.15"]

1. c4 Nf6 2. Nc3 g6 3. g3 Bg7 4. Bg2 O-O 5. Nf3 d6 6. O-O e5 7. d3 Nc6 8. Rb1
a5 9. a3 Bf5 10. Bg5 Qd7 11. Bxf6 Bxf6 12. b4 axb4 13. axb4 Bg7 14. b5 Ne7 15.
Nd2 Bh3 16. Bxh3 Qxh3 17. Nd5 Qd7 18. Ne4 f5 19. Nxe7+ Qxe7 20. Nc3 e4 21. Nd5
Qf7 22. dxe4 fxe4 23. Qc2 Rae8 24. e3 Re5 25. Rfd1 c6 26. bxc6 bxc6 27. Nb6 Rf5
28. Rd2 Bh6 29. Re1 Rf3 30. Kg2 Rxe3 31. Rde2 Qf3+ 32. Kg1 Rxe2 33. Qxe2 Rb8
34. Nd7 Rb1 35. Qf1 Rxe1 36. Qxe1 e3 37. Kf1 e2+ 38. Kg1 Qd3 39. Qa5 Qd1+ 40.
Kg2 e1=Q 41. Qd8+ Kf7 0-1

[Event "Rejfiouv memorial 2008"]
[Site "Praha 5,Radlice, Pechlatova 2"]
[Date "2008.05.27"]
[Round "8.3"]
[White "Pertlova, Sona"]
[Black "Jedlicka, Ales"]
[Result "1/2-1/2"]
[WhiteElo "2159"]
[BlackElo "2324"]
[PlyCount "39"]
[EventDate "2008.04.15"]

1. d4 Nf6 2. c4 g6 3. Nf3 Bg7 4. Nc3 O-O 5. g3 d6 6. Bg2 Nbd7 7. O-O e5 8. h3
Re8 9. e4 c6 10. Be3 a5 11. Qc2 exd4 12. Nxd4 Nc5 13. Rad1 Nfd7 14. b3 Qe7 15.
Rfe1 h5 16. f4 h4 17. g4 Nf8 18. g5 f6 19. Nf3 fxg5 20. Nxg5 $11 1/2-1/2

[Event "Rejfiouv memorial 2008"]
[Site "Praha 5,Radlice, Pechlatova 2"]
[Date "2008.05.27"]
[Round "8.4"]
[White "Kojetsky, Pavel"]
[Black "Haba, Zdenek"]
[Result "1/2-1/2"]
[WhiteElo "2146"]
[BlackElo "2185"]
[PlyCount "43"]
[EventDate "2008.04.15"]

1. e4 e5 2. Nf3 Nc6 3. Bb5 a6 4. Ba4 Nf6 5. O-O Nxe4 6. d4 b5 7. Bb3 d5 8. dxe5
Be6 9. c3 Bc5 10. Qe2 O-O 11. Nbd2 Nxf2 12. Rxf2 f6 13. Ne4 Bxf2+ 14. Nxf2 fxe5
15. Nxe5 Qd6 16. Ned3 Rae8 17. Bf4 Rxf4 18. Nxf4 Qxf4 19. Bxd5 Qe5 20. Qxe5
Nxe5 21. Bb7 Bc8 22. Bxc8 $11 1/2-1/2

[Event "Rejfiouv memorial 2008"]
[Site "Praha 5,Radlice, Pechlatova 2"]
[Date "2008.05.27"]
[Round "8.5"]
[White "Rosko, Lubos"]
[Black "Clery, Nicolas"]
[Result "1/2-1/2"]
[WhiteElo "2226"]
[BlackElo "2379"]
[PlyCount "75"]
[EventDate "2008.04.15"]

1. d4 d5 2. c4 Nc6 3. Nf3 Bg4 4. e3 e6 5. Qb3 Bxf3 6. gxf3 Rb8 7. Nc3 Bb4 8.
Rg1 Nge7 9. Bd2 O-O 10. O-O-O a5 11. a3 Bxc3 12. Bxc3 g6 13. a4 dxc4 14. Bxc4
Nd5 15. Be1 Qd6 16. h4 Ncb4 17. h5 c6 18. hxg6 fxg6 19. f4 b5 20. axb5 cxb5 21.
Bxb4 axb4 22. Bxd5 exd5 23. Kd2 Rbc8 24. Qd3 Rc4 25. Rg5 Rfc8 $11 26. Rdg1 Rc2+
27. Qxc2 Rxc2+ 28. Kxc2 b3+ 29. Kxb3 Qc6 30. Ka2 Qc4+ 31. b3 Qc3 32. f5 Qd2+
33. Ka3 Qa5+ 34. Kb2 Qd2+ 35. Ka1 Qc3+ 36. Ka2 Qd2+ 37. Kb1 Qd3+ 38. Kb2 $11
1/2-1/2